000
00330nam a2200133Ia 4500
008
220204s9999 xx 000 0 und d
082
_a
054
_b
KEE
100
_a
Keenan, Charles William
245
0
_a
General college chemistry
250
_a
Ed.2
260
_a
Calcutta
_b
Oxford
_c
1957
700
_a
Wood, Jesse Hermon
942
_c
BK
999
_c
20956
_d
20956